000 00596nam a22002297a 4500
003 UA-OsUOA
001 95743
007 ta
008 20130306b un ||||| |||| 00| 0 ukr d
100 _aКалчев К.
090 _a821.163.2
_bК17
942 _cBK
040 _aUA-OsUOA
_bukr
_cUA-OsUOA
_dUA-OsUOA
245 _aДвоє в новому місті
_bроман
300 _a195 с.
955 _a3
041 _aukr
080 _a821.163.2
260 _aК.
_bДніпро
_c1972
650 7 _a82 Література. Літературознавство
_2UDC
999 _c381989
_d381989